Günümüzde insan ve insanlar : (Record no. 64517)
| 000 -BAŞLIK | |
|---|---|
| Sabit Uzunluktaki Kontrol Alanı | 01202nam a22003977a 4500 |
| 001 - KONTROL NUMARASI | |
| Control Dosyası | 0064722 |
| 003 - KONTROL NUMARASI KİMLİĞİ | |
| Kontrol Alanı | KOHA_MİRAKIL |
| 005 - EN SON İŞLEM TARİHİ ve ZAMANI | |
| Kontrol Alanı | 20260207004501.0 |
| 007 - FİZİKSEL TANIM SABİT ALAN - GENEL BİLGİ | |
| Sabit uzunluklu kontrol alanı | ta |
| 008 - SABİT UZUNLUKTAKİ VERİ ÖGELERİ - GENEL BİLGİ | |
| Sabit Alan | 190429b2010 xx |||gr||||#0|||0|tur | |
| 020 ## - ISBN - ULUSLARARASI STANDART KİTAP NUMARASI | |
| Isbn | 9789755031958 |
| 040 ## - KATALOGLAMA KAYNAĞI | |
| Özgün Kataloglama Kurumu | TR-BiSEU |
| Kataloglama Dili | tur |
| Çeviri Kurumu | TR-BiSEU |
| Açıklama Kuralları | rda |
| 041 0# - DİL KODU | |
| Metin ya da ses kaydının dil kodu | tur |
| 050 ## - SINIFLAMA ve YER NUMARASI | |
| Sınıflama Numarası | HM1033 |
| Yer Numarası | .K34 2010 |
| 100 1# - KİŞİ ADI | |
| Yazar Adı (Kişi adı) | Kağıtçıbaşı, Çiğdem. |
| 245 1# - ESER ADI BİLDİRİMİ | |
| Başlık | Günümüzde insan ve insanlar : |
| Alt Eseradı vb. | sosyal psikolojiye giriş/ |
| Sorumluluk Bildirimi | Çiğdem Kağıtçıbaşı ; Çiğdem Kağıtçıbaşı. |
| 250 ## - BASIM BİLDİRİMİ | |
| Basım Bildirimi | 12. Basım |
| 264 #1 - ÜRERİM, YAYIN, DAĞITIM ve TELİF BİLDİRİMİ | |
| Yayın yeri | İstanbul : |
| Yayınlayan | Evrim |
| Yayın tarihi | 2010 |
| 300 ## - FİZİKSEL TANIMLAMA | |
| Sayfa, Cilt vb. | XVIII, 377 sayfa ; |
| Boyutları | 24 cm. |
| 336 ## - İÇERİK TÜRÜ | |
| Content type term | metin |
| Content type code | txt |
| Source | rdacontent |
| 337 ## - MEDYA TÜRÜ | |
| Media type term | aracısız |
| Media type code | n |
| Source | rdamedia |
| 338 ## - TAŞIYICI TÜRÜ | |
| Carrier type term | cilt |
| Carrier type code | nc |
| Source | rdacarrier |
| 490 1# - DİZİ BİLDİRİMİ | |
| Dizi Bildirimi | Evrim Yayınları ; |
| Cilt Numarası | No. |
| 490 1# - DİZİ BİLDİRİMİ | |
| Dizi Bildirimi | 52. |
| 490 1# - DİZİ BİLDİRİMİ | |
| Dizi Bildirimi | Psikoloji-Psikiyatri Dizisi ; |
| Cilt Numarası | No. |
| 490 1# - DİZİ BİLDİRİMİ | |
| Dizi Bildirimi | 1 |
| 500 ## - GENEL NOT | |
| Genel Not | Kaynakça ve dizin var. |
| 650 #0 - KONU BAŞLIĞI EK GİRİŞ - KONU TERİMİ | |
| Konusal terim veya coğrafi ad | Sosyal psikoloji. |
| 9 (RLIN) | 7860 |
| 650 #0 - KONU BAŞLIĞI EK GİRİŞ - KONU TERİMİ | |
| Konusal terim veya coğrafi ad | Social psychology. |
| 9 (RLIN) | 7861 |
| 830 1# - SERİ EK GİRİŞİ - TEKBİÇİM ESER ADI | |
| Tekbiçim Başlık | Evrim Yayınları ; |
| Volume number/sequential designation | No. |
| 9 (RLIN) | 118159 |
| 830 1# - SERİ EK GİRİŞİ - TEKBİÇİM ESER ADI | |
| Tekbiçim Başlık | 52. |
| 9 (RLIN) | 8530 |
| 830 1# - SERİ EK GİRİŞİ - TEKBİÇİM ESER ADI | |
| Tekbiçim Başlık | Psikoloji-Psikiyatri Dizisi ; |
| Volume number/sequential designation | No. |
| 9 (RLIN) | 118160 |
| 830 1# - SERİ EK GİRİŞİ - TEKBİÇİM ESER ADI | |
| Tekbiçim Başlık | 1 |
| 9 (RLIN) | 2570 |
| 907 ## - LOCAL DATA ELEMENT G, LDG (RLIN) | |
| a | Psikoloji |
| 942 ## - EK GİRİŞ ÖGELERİ (KOHA) | |
| Source of classification or shelving scheme | Library of Congress Classification |
| Koha item type | Book |
| Materyal Türü | Kalıcı Konum | Mevcut Konum | Sınıflandırma Kaynağı | Edinim Bilgisi | Ana Konular | Alt Konular | Yer Numarası | Demirbaş Numarası | Fatura Tarihi | Geri Çekilme Durumu | Kayıp Durumu | Hasarlı Durumu | Kredi için değil | Kayıt Tarih | Toplam Ödünçverme | Son Görülme Tarihi | Son Kontrol Tarihi | Genel / Bağış Notu |
|---|---|---|---|---|---|---|---|---|---|---|---|---|---|---|---|---|---|---|
| Book | BŞEÜ Bozüyük MYO Kütüphanesi | BŞEÜ Bozüyük MYO Kütüphanesi | Library of Congress Classification | Bağış | SOSYAL BİLİMLER | Sosyoloji (Genel) | HM1033 .K34 2010 | 0064801 | 02/02/2026 | 29/04/2019 | 04/03/2025 | 04/03/2025 | Genel Bağış | |||||
| Book | BŞEÜ Söğüt MYO Kütüphanesi | BŞEÜ Söğüt MYO Kütüphanesi | Library of Congress Classification | Bağış | SOSYAL BİLİMLER | Sosyoloji (Genel) | HM1033 .K34 2010 | 0064722 | 02/02/2026 | 22/03/2019 | 04/03/2025 | 04/03/2025 | Genel Bağış |
